Statistics for Formula 2 Drivers 2021

Click here to take the quiz!

General Stats

  • This quiz has been taken 39 times
  • The average score is 11 of 22

Answer Stats

TeamCountryDOBDriver% Correct
Prema RacingAUS06-04-2001Oscar Piastri
92%
Uni-Virtuosi RacingCHN30-05-1999Guanyu Zhou
82%
Hitech Grand PrixNZL11-02-2002Liam Lawson
74%
Hitech Grand PrixEST10-08-2000Jüri Vips
66%
Prema RacingRUS16-09-1999Robert Shwartzman
63%
ART Grand PrixFRA20-08-2003Théo Pourchaire
63%
Charouz Racing SystemBRA18-07-2001Enzo Fittipaldi
61%
Uni-Virtuosi RacingBRA23-05-2000Felipe Drugovich
61%
DamsISR30-11-1994Roy Nissany
61%
CarlinIND01-10-1998Jehan Daruvala
58%
DamsNZL29-07-2000Marcus Armstrong
55%
MP MotorsportNED16-12-2000Richard Verschoor
50%
ART Grand PrixDEN23-07-2001Christian Lundgaard
45%
Campos RacingSUI23-09-1997Ralph Boschung
42%
TridentJPN12-05-1999Marino Sato
39%
MP MotorsportGER18-10-1999Lirim Zendeli
32%
CarlinGBR08-06-1999Dan Ticktum
29%
Charouz Racing SystemBRA02-10-1996Guilherme Samaia
29%
Campos RacingGER27-04-2000David Beckmann
26%
TridentNED18-09-1999Bent Viscaal
21%
HWA RacelabGBR30-05-1994Jake Hughes
18%
HWA RacelabITA12-12-1994Alessio Deleda
16%

Score Distribution

Percentile by Number Answered

Percent of People with Each Score

Your Score History

You have not taken this quiz